000 00916cam a2200241 4500
001 ABS62592
008 000000n2000 000 0 eng u
035 _a(Sirsi) u107399
100 _aEmberson, S.T.
245 _aFocused offering brings benefits all round
260 _c2000
490 _aRetail Week
_v 21 July 2000, 22-23(2)
520 _aReports on the growing popularity of locating similar types of retailers together. It provides financial benefits for both developers, retailers, and consumers. Describes Lend Lease's Touchwood retail development in Solihull, and Radical Properties successful retail development, Edward Square, in Galway.
590 _aABS
650 _aRETAIL DEVELOPMENTS
650 _aDEVELOPERS
650 _aLEND LEASE
650 _aGALWAY
650 _aSOLIHULL
650 _aSPECIALISATION
690 _aPROPERTY-COMMERCIAL PROPERTY-RETAIL PROPERTY
942 _n0
999 _c64212
_d64212